<?xml version="1.0" encoding="UTF-8"?>
<marc:record xmlns:marc="http://www.loc.gov/MARC21/slim">
   <marc:leader>00000nam a2200000 a 4500</marc:leader>
   <marc:datafield ind1="1" ind2=" " tag="100">
      <marc:subfield code="a">Flanagan, John</marc:subfield>
      <marc:subfield code="4">aut</marc:subfield>
      <marc:subfield code="e">Verfasser/-in</marc:subfield>
   </marc:datafield>
   <marc:datafield ind1="0" ind2="0" tag="245">
      <marc:subfield code="a">Im Bann des dunklen Ordens</marc:subfield>
   </marc:datafield>
   <marc:datafield ind1="0" ind2="0" tag="245">
      <marc:subfield code="c">John Flanagan ; aus dem Englischen von Angelika Eisold Viebig</marc:subfield>
   </marc:datafield>
   <marc:datafield ind1=" " ind2="1" tag="264">
      <marc:subfield code="a">München</marc:subfield>
      <marc:subfield code="b">cbt</marc:subfield>
      <marc:subfield code="c">2020</marc:subfield>
   </marc:datafield>
   <marc:datafield ind1="1" ind2=" " tag="490">
      <marc:subfield code="a">Die Chroniken von Araluen</marc:subfield>
   </marc:datafield>
   <marc:datafield ind1=" " ind2=" " tag="250">
      <marc:subfield code="a">1. Auflage</marc:subfield>
   </marc:datafield>
   <marc:datafield ind1="1" ind2=" " tag="520">
      <marc:subfield code="a">Angaben aus der Verlagsmeldung

Die Chroniken von Araluen - Im Bann des dunklen Ordens Ranger’s Apprentice #14 / von John Flanagan

Eine Thronerbin kämpft für ihr Reich

König Duncan und Prinzessin Cassandra sind im Südturm der Burg von Araluen gefangen. Im Norden harren Sir Horace und Gilan, der Kommandant der Waldläufer, in einem verlassenen Fort aus und warten auf den nächsten Angriff des Dunklen Ordens. Waldläuferin Lynnie muss die Männer von Herons Bruderschaft finden und sie davon überzeugen, ihr zur Seite zu stehen. Denn nur so kann sie ihrem Vater aus der Gefangenschaft befreien, um in den Kampf gegen die Verräter zu ziehen. Werden sie die Burg Araluen rechtzeitig erreichen? Und wenn alle Schlachten geschlagen sind und der Staub sich gelegt hat – wer wird dann der Herrscher im Königreich von Araluen sein?

</marc:subfield>
   </marc:datafield>
   <marc:datafield ind1=" " ind2=" " tag="020">
      <marc:subfield code="a">9783570312698</marc:subfield>
      <marc:subfield code="9">9783570312698</marc:subfield>
   </marc:datafield>
   <marc:datafield ind1=" " ind2=" " tag="020">
      <marc:subfield code="a">3570312690</marc:subfield>
      <marc:subfield code="9">3570312690</marc:subfield>
   </marc:datafield>
   <marc:datafield ind1=" " ind2=" " tag="041">
      <marc:subfield code="a">ger</marc:subfield>
   </marc:datafield>
   <marc:datafield ind1=" " ind2=" " tag="300">
      <marc:subfield code="a">412 Seiten</marc:subfield>
   </marc:datafield>
</marc:record>
